000 00222nam a22000857a 4500
999 _c11033
_d11033
008 180801b ||||| |||| 00| 0 eng d
100 _aHelfand Lewis
_96780
245 _aThe Wright Brothers
260 _aNew Delhi
_bCampfire
_c2016